| 000 | 01912nam2a2200265 4500 | ||
|---|---|---|---|
| 001 | RU\NLR\BIBL_A\010357993 | ||
| 005 | 20250614042553.0 | ||
| 010 |
_a978-5-904405-26-7 _9150 |
||
| 021 |
_aRU _b2014-20246 _91258 |
||
| 035 | _a(NLR Aleph) 010357993 | ||
| 090 |
_a10769185 _c10769185 |
||
| 100 | _a20140519d2013 |||y0rusy50 ca | ||
| 101 | 0 | _arus | |
| 102 | _aRU | ||
| 105 | _aa|||z|||000yy | ||
| 200 | 0 |
_aВып. 6 _f[Смольская Т.Т. д.м.н., засл. врач Рос. Федерации и др.] _gпод ред. чл.-корр. РАМН А. Б. Жебруна |
|
| 210 |
_d2013 _aБ. м. |
||
| 215 |
_a44 с. _cил., цв. ил. |
||
| 320 | _aБиблиогр. в подстроч. примеч. | ||
| 461 | 0 |
_1001RU\NLR\bibl\1660508 _12000#$aВИЧ-инфекция в Северо-Западном федеральном округе Российской Федерации ...$eаналитический обзор$fМ-во здравоохранения и соц. развития Рос. Федерации, Федер. служба по надзору в сфере защиты прав потребителей и благополучия человека [и др.]$vВып. 6 _9926483 _cСанкт-Петербург _d2009 _fМ-во здравоохранения и соц. развития Рос. Федерации, Федер. служба по надзору в сфере защиты прав потребителей и благополучия человека [и др.] _nИзд-во НИИЭМ _oаналитический обзор _tВИЧ-инфекция в Северо-Западном федеральном округе Российской Федерации ... _vВып. 6 |
|
| 702 | 1 |
_aЖебрун _bА. Б. _gАнатолий Борисович _4340 |
|
| 942 | _cBOOK | ||
| 980 | _aNB | ||